Bélgica / (Record no. 74950)

MARC details
000 -LEADER
campo de control de longitud fija 00577nam a2200193 i 4500
001 - NÚMERO DE CONTROL
campo de control 74950
003 - IDENTIFICADOR DE NÚMERO DE CONTROL
campo de control ES-MaACL
007 - CAMPO FIJO DE DESCRIPCIÓN FÍSICA--INFORMACIÓN GENERAL
campo de control de longitud fija t|
008 - DATOS DE LONGITUD FIJA--INFORMACIÓN GENERAL
campo de control de longitud fija 040921s1947 mx ||||1| spa d
245 00 - MENCIÓN DEL TÍTULO
Título Bélgica /
Mención de responsabilidad, etc. por W. Carpenter... [et al.] ; bajo la dirección de Juan-Alberto Goris.
260 ## - PUBLICACIÓN, DISTRIBUCIÓN, ETC.
Lugar de publicación, distribución, etc. México :
Nombre del editor, distribuidor, etc. Jus,
Fecha de publicación, distribución, etc. 1947.
300 ## - DESCRIPCIÓN FÍSICA
Extensión XII, 454 p., 5 lám. ;
Dimensiones 24 cm.
490 1# - MENCIÓN DE SERIE
Mención de serie Naciones Unidas
700 1# - ENTRADA AGREGADA--NOMBRE PERSONAL
Nombre de persona Carpenter, W.
9 (RLIN) 35440
700 1# - ENTRADA AGREGADA--NOMBRE PERSONAL
Nombre de persona Goris, Jan-Albert.
9 (RLIN) 59187
830 0# - PUNTO DE ACCESO ADICIONAL DE SERIE-TÍTULO UNIFORME
Título uniforme Naciones Unidas
9 (RLIN) 231233
852 ## - LOCALIZACIÓN
Ubicación ES-MaACL
Número de control de estantería E-804
Sublocalización o colección R.26504
Holdings
Estatus retirado Estado de pérdida Estado de daño No para préstamo Biblioteca de origen Biblioteca actual Ubicación en estantería Fecha de adquisición Fuente de adquisición Total de préstamos Signatura topográfica completa Código de barras Visto por última vez Precio de reemplazo Tipo de ítem Koha
        Biblioteca del Ateneo de Madrid Biblioteca del Ateneo de Madrid Depósito 2 17/01/2008     E-804 1078453 23/02/2023 23/02/2023 Libro impreso